000 01202cam a2200265 4500
001 J127917
008 041108n2004 000 0 eng u
035 _a(Sirsi) u127917
041 _aeng
050 _a692.8
_c18
110 _aConstruction Umbrella Bodies
_bAdjudication Task Group
_94652
240 _aLatham review
245 _aReport of the construction Umbrella Bodies Adjudication Task Group on adjudication under the construction act
_bJuly 2004
_h[electronic resource]
260 _aLondon
_bDTI
_c2004
520 _aOutlines possible amendments to the Housing Grants, Construction and Regeneration Act 1996 Part II to make the adjudication provisions work more satisfactorily for consideration as part of the wider Latham of the Act.
650 _aCONSTRUCTION ADJUDICATION
650 _aDISPUTE RESOLUTION
_96236
650 _aHOUSING GRANTS, CONSTRUCTION AND REGENERATION ACT 1996 PART II
650 _aLATHAM REFORMS
690 _aBUILDING AND CONSTRUCTION-MANAGEMENT
700 _aWatts, Graham
_xGroup Chairman
700 _aLatham, Michael
_cSir
_d1942-
_xChairman
856 _uhttps://www.dti.gov.uk/files/file15096.pdf
_zView the report free of charge here
942 _n0
999 _c103837
_d103837